| 000 | 00440nam a2200121Ia 4500 | ||
|---|---|---|---|
| 008 | 220620s9999||||xx |||||||||||||| ||und|| | ||
| 100 | _aWes Hill | ||
| 245 | 0 | _aSpeech Acts: Richard Grayson and Matt Mullican | |
| 546 | _aEnglish[eng] | ||
| 650 | _aRichard Grayson||Exhibitions||Language and Languages in Art||Matt Mullican||Australia||Words in Art||Conceptual Art | ||
| 856 | _uhttps://epress.lib.uts.edu.au/books/speech-acts | ||
| 942 | _cEB | ||
| 999 |
_c33574 _d33574 |
||